| 000 | 00558nam a2200145Ia 4500 | ||
|---|---|---|---|
| 008 | 100122s9999 xx 000 0 und d | ||
| 082 |
_b60067 _a294.5 |
||
| 100 | _aदेसाई सी ग | ||
| 245 | _aगोष्टीरुप अष्टविनायक दर्शन | ||
| 260 |
_bमनोरमा प्रकाशन _c2001 |
||
| 300 | _a80 | ||
| 630 | _aगोष्टीरुप अष्टविनायक दर्शन | ||
| 730 | _aगोष्टीरुप अष्टविनायक दर्शन | ||
| 942 | _cBOOK | ||
| 999 |
_c435344 _d435341 |
||